5HLuxD.jpg

KING HENRY VIII SENIOR AND PRIMARY SCHOOL LIBRARY OPAC

THE FINAL YEAR (Record no. 5510)

000 -LEADER
fixed length control field 00353nam a22001217a 4500
008 - FIXED-LENGTH DATA ELEMENTS--GENERAL INFORMATION
fixed length control field 250925b ||||| |||| 00| 0 eng d
020 ## - INTERNATIONAL STANDARD BOOK NUMBER
International Standard Book Number 9781915659040
082 ## - DEWEY DECIMAL CLASSIFICATION NUMBER
Classification number 823.92 GOO
100 ## - MAIN ENTRY--PERSONAL NAME
Personal name GOODFELLOW,MATT
Relator term AUTHOR
Language of a work ENGLISH
245 ## - TITLE STATEMENT
Title THE FINAL YEAR
260 ## - PUBLICATION, DISTRIBUTION, ETC.
Place of publication, distribution, etc. LITTLE ORCHARD,BURLEY GATE,HEREFORDSHIRE,HR1 3QS
Name of publisher, distributor, etc. OTTER-BARRY BOOKS
Date of publication, distribution, etc. 2023
942 ## - ADDED ENTRY ELEMENTS (KOHA)
Source of classification or shelving scheme
Holdings
Withdrawn status Lost status Source of classification or shelving scheme Damaged status Not for loan Collection code Permanent Location Current Location Shelving location Date acquired Source of acquisition Total Checkouts Total Renewals Full call number Barcode Date last seen Date last checked out Price effective from Koha item type Public note
          Fiction KH8 Primary School Library KH8 Primary School Library Fiction 2025-09-25 SOF 4 1 823.92 GOO KHPL000007211 2025-12-05 2025-11-26 2025-09-25 Books - Fiction PRIMARY LIBRARY

Powered By KH8 IT Dept